| 000 | 00451nam a2200145 a 4500 | ||
|---|---|---|---|
| 005 | 20140412111313.0 | ||
| 008 | 010320s19uu xx 00 eng d | ||
| 020 | _a0-8120-5953-0 | ||
| 050 |
_aER _bTe25 1988 |
||
| 245 |
_aTen little lambs : _ba pop-up counting storybook / _cdesigned by Dick Dudley ; illustrated by Pat Paris. |
||
| 260 |
_aLong Beach, CA : _bBarron's, _c1988. |
||
| 300 | _a1 v. (unp.) ; ill. | ||
| 650 | _aCounting | ||
| 999 |
_c104082 _d104082 |
||